| 000 | 01189nam a22002895a 4500 | ||
|---|---|---|---|
| 003 | OSt | ||
| 005 | 20180212130418.0 | ||
| 008 | 110615s1946 ua grb 001 0dara d | ||
| 040 |
_aEG-ScBUE _bara _cEG-ScBUE |
||
| 082 | 0 | 4 |
_a297.4 _bع ر ب _222 |
| 100 | 0 |
_aابن العربي، _d1240-1165. |
|
| 245 | 1 | 0 |
_aفصوص الحكم والتعليقات عليه / _cمحيي الدين بن عربي ؛ [معلق عليه] بقلم أبو العلا عفيفي. |
| 260 |
_a[القاهرة] : _bدار إحياء الكتب العربية، _c1946. |
||
| 300 |
_aمج. 1 ؛ _c24 سم. |
||
| 490 | 0 | _aجماعة إحياء الفلسفة | |
| 500 | _aيشتمل على كشاف. | ||
| 504 | _aيشتمل على إرجاعات ببليوجرافية. | ||
| 600 | 0 | 7 |
_aابن العربي، _d1240-1165. _tفصوص الحكم. _2BUEsh |
| 650 | 7 |
_aالتصوف الإسلامي. _2BUEsh |
|
| 650 | 7 |
_aوحدة الوجود (تصوف إسلامي) _2BUEsh |
|
| 651 | _2BUEsh | ||
| 653 |
_bGGEN _cFebruary2018 |
||
| 700 | 0 |
_aابن العربي، _d1240-1165. _tفصوص الحكم. |
|
| 700 | 1 |
_aعفيفي، أبو العلا، _eمعلق. |
|
| 740 | 0 | 2 | _aفصوص الحكم. |
| 942 | _2ddc | ||
| 999 |
_c15602 _d15602 |
||